000 01071nam a2200325 i 4500
001 bg
100 1 _aKawecki, Zdzisław
_d(1938- ).
245 1 0 _aMało znane rośliny sadownicze /
_cZdzisław Kawecki, Romuald Łojko, Bolesław Pilarek.
250 _aWyd. 2 zm. i popr.
260 _aOlsztyn :
_bWydawnictwo Uniwersytetu Warmińsko-Mazurskiego,
_ccop. 2007.
300 _a234, [1] s. :
_bil. kolor. ;
_c23 cm.
504 _aBibliogr. s. 229-230.
650 9 _aOwoce
_xtechnologia
650 9 _aRośliny lekarskie
650 9 _aSadownictwo
650 9 _aZiołolecznictwo
655 _aPodręczniki akademickie
700 1 _aŁojko, Romuald
_d(1936-2004).
700 1 _aPilarek, Bolesław
_d(1944- ).
015 _aPB 4651/2008
020 _a9788372995124
040 _cBPK
041 0 _apol
044 _aPOL
080 _a634.1.054/.055:633.88:641.4:615.322](075.8)
920 _a978-83-7299-512-4
942 _cKS
008 080128s2007 pl a f |000 0 pol
999 _c54895
_d54895
856 _uhttp://koha.tu.koszalin.pl/cgi-bin/koha/opac-detail.pl?biblionumber=54895
_yKatalog online BPK